000 00815nam a2200205Ia 4500
001 23362
003 GE_BSU
008 181216s||||||||xx |||||||||||||| ||und||
040 _cGE_BSU
245 _aსამართალი და მსოფლიო. #9. 2018
245 _bსაერთაშორისო სამეცნიერო ჟურნალი
245 _cმთავ.რედ. ზ. ჭყონია
260 _aთბილისი
260 _bგამომცემლობა "დანი
300 _a154გვ. 29სმ.
653 _aპერიოდიკა
653 _aსაერთაშორისო სამეცნიერო ჟურნალი
653 _aსამართალი და მსოფლიო. #9. 2018
942 _cCR
999 _c56260
_d56260